Municipalities of the Dominican Republic with a Map - Statistics

General Stats
  • This quiz has been taken 807 times
  • The average score is 37 of 155
Answers on the Map
Answers color-coded by a green-red scale on the quiz's map according to % correct below.
 
Answer Stats
Province Municipality % Correct
Santiago Santiago
66%
La Romana La Romana
60%
Samaná Samaná
57%
Puerto Plata Puerto Plata
54%
San Juan San Juan
54%
La Altagracia Higüey
53%
Azua Azua
51%
Santo Domingo Santo Domingo Este
50%
Santo Domingo Santo Domingo Oeste
50%
La Vega La Vega
47%
Barahona Barahona
46%
Peravia Baní
45%
San Cristóbal San Cristóbal
45%
San Pedro de Macorís San Pedro de Macorís
45%
Monte Cristi Monte Cristi
44%
Espaillat Moca
43%
Dajabón Dajabón
41%
Monseñor Nouel Bonao
39%
Duarte San Francisco de Macorís
39%
Hato Mayor Hato Mayor
38%
Samaná Sánchez
38%
Santo Domingo Santo Domingo Norte
38%
Pedernales Pedernales
37%
La Vega Jarabacoa
36%
Samaná Las Terrenas
36%
Puerto Plata Sosúa
36%
La Vega Constanza
35%
El Seibo El Seibo
35%
Monte Plata Monte Plata
35%
San José de Ocoa San José de Ocoa
35%
Valverde Mao
34%
María Trinidad Sánchez Nagua
34%
Santo Domingo Boca Chica
32%
Santo Domingo Los Alcarrizos
30%
Hermanas Mirabal Salcedo
30%
San Cristóbal Villa Altagracia
29%
Sánchez Ramírez Cotuí
28%
María Trinidad Sánchez Río San Juan
27%
Santiago San José de las Matas
27%
San Cristóbal Bajos de Haina
25%
Puerto Plata Luperón
24%
Baoruco Neiba
24%
Azua Padre Las Casas
24%
Independencia Jimaní
23%
San Juan Las Matas de Farfán
23%
El Seibo Miches
23%
Santo Domingo Pedro Brand
23%
Valverde Esperanza
22%
Independencia Mella
22%
Duarte Pimentel
22%
Hato Mayor Sabana de la Mar
22%
Hermanas Mirabal Tenares
22%
Duarte Villa Riva
22%
Monte Plata Yamasá
22%
Monte Plata Bayaguana
21%
María Trinidad Sánchez Cabrera
21%
Barahona Enriquillo
21%
Espaillat Gaspar Hernández
21%
Puerto Plata Imbert
21%
Baoruco Los Ríos
21%
Monseñor Nouel Maimón
21%
Santiago Rodríguez Monción
21%
Peravia Nizao
21%
Azua Peralta
21%
Santiago Tamboril
21%
Santiago Villa González
21%
Duarte Arenoso
20%
San Pedro de Macorís Consuelo
20%
Azua Guayabal
20%
Monseñor Nouel Piedra Blanca
20%
San Pedro de Macorís Quisqueya
20%
Distrito Nacional Santo Domingo de Guzmán
20%
Baoruco Tamayo
20%
La Romana Villa Hermosa
20%
Elías Piña Bánica
19%
Santiago Bisonó
19%
Barahona Cabral
19%
Duarte Castillo
19%
Sánchez Ramírez Cevicos
19%
Elías Piña Comendador
19%
Independencia Duvergé
19%
María Trinidad Sánchez El Factor
19%
Hato Mayor El Valle
19%
Sánchez Ramírez Fantino
19%
La Romana Guaymate
19%
Monte Cristi Guayubín
19%
Azua Las Charcas
19%
Santiago Licey al Medio
19%
Dajabón Loma de Cabrera
19%
Elías Piña Pedro Santana
19%
Barahona Polo
19%
Azua Pueblo Viejo
19%
Hermanas Mirabal Villa Tapia
19%
Monte Cristi Villa Vásquez
19%
Puerto Plata Altamira
18%
Elías Piña El Llano
18%
Barahona El Peñón
18%
Azua Estebanía
18%
Elías Piña Hondo Valle
18%
Santiago Jánico
18%
Barahona Paraíso
18%
Monte Plata Sabana Grande de Boyá
18%
San José de Ocoa Sabana Larga
18%
Santo Domingo San Antonio de Guerra
18%
La Altagracia San Rafael del Yuma
18%
Barahona Vicente Noble
18%
Puerto Plata Villa Isabela
18%
Baoruco Villa Jaragua
18%
San Cristóbal Yaguate
18%
San Juan El Cercado
17%
Barahona Fundación
17%
Puerto Plata Guananico
17%
San Juan Juan de Herrera
17%
Valverde Laguna Salada
17%
Pedernales Oviedo
17%
San Cristóbal San Gregorio de Nigua
17%
San Juan Bohechío
16%
Baoruco Galván
16%
San Pedro de Macorís Guayacanes
16%
La Vega Jima Abajo
16%
Barahona La Ciénaga
16%
Independencia La Descubierta
16%
Duarte Las Guáranas
16%
Azua Las Yayas de Viajama
16%
San Cristóbal Los Cacaos
16%
San Cristóbal Cambita Garabitos
15%
Espaillat Cayetano Germosén
15%
Elías Piña Juan Santiago
15%
Puerto Plata Los Hidalgos
15%
Dajabón Partido
15%
Independencia Postrer Río
15%
San Cristóbal Sabana Grande de Palenque
15%
Azua Sabana Yegua
15%
Santiago Rodríguez San Ignacio de Sabaneta
15%
San Juan Vallejuelo
15%
Puerto Plata Villa Montellano
15%
Independencia Cristóbal
14%
Espaillat Jamao al Norte
14%
Barahona Jaquimeyes
14%
Monte Cristi Las Matas de Santa Cruz
14%
Barahona Las Salinas
14%
San Pedro de Macorís Ramón Santana
14%
Dajabón Restauración
14%
Azua Tábara Arriba
14%
Dajabón El Pino
13%
Sánchez Ramírez La Mata
13%
Monte Cristi Pepillo Salcedo
13%
Santiago Puñal
13%
Santiago Sabana Iglesia
13%
Santiago Rodríguez Villa Los Almácigos
13%
Duarte Eugenio María de Hostos
12%
Monte Plata Peralvillo
12%
San José de Ocoa Rancho Arriba
12%
Monte Cristi Castañuelas
10%
San Pedro de Macorís Los Llanos
10%
No matching quizzes found
Score Distribution
Percent of People with Each Score
Percentile by Number Answered
Your Score History
You have not taken this quiz